000 01287naa a22003137a 4500
001 BR8108714
003 BR-BrBNA
005 20240918175102.0
007 ta
008 230509b bl.||||| |||| 00| 0 por d
040 _aBR-BrBNA
_bpor
_cBiblioteca Nacional de Agricultura
041 _a(Pt)
072 _aF01; L01
_b1900
_b3575
_b5212
_bG514
090 _aF01 BR8108714
100 1 _aAndrade, R.P.
100 1 _aThomas, D.
245 1 _aPesquisas em avaliacao de pastagens e producao de sementes de forrageiras no centro de pesquisa agropecuaria dos cerrados [producao animal, bovino, Brasil]
260 3 _aPorto Alegre, RS (Brasil):
_c1981.
500 _aMedeiros, R.B.; Nabinger, C.; Saibra, J.C. de (eds.) Producao e tecnologia de sementes de forrageiras tropicais e subtropicais Porto Alegre, RS (Brasil): 1981. p. 82-97 (BR8108714-AM)F01
650 _aPLANTA FORRAGEIRA
650 _aSEMENTE
650 _aPRODUCAO VEGETAL
650 _aBOVINO
650 _aPRODUCAO ANIMAL
650 _aCERRADO
773 0 _tProducao e tecnologia de sementes de forrageiras tropicais e subtropicais
_aMedeiros, R.B.; Nabinger, C.; Saibra, J.C. de (eds.)
_wF01 BR8108714
_gPorto Alegre, RS (Brasil), 1981. p. 82-97
909 _a202404
_bLucia
_c55
_dLucia Elande
942 _cAM
_2AGRIS
999 _c314931
_d314931